书目信息 |
| 题名: |
中国法制史自学考试题解
|
|
| 作者: | 曾庆一 , 刘武 主编 | |
| 分册: | ||
| 出版信息: | 北京 中国人民大学出版社 1998.03 |
|
| 页数: | 301页 | |
| 开本: | 32开 | |
| 丛书名: | ||
| 单 册: | ||
| 中图分类: | D909.2 | |
| 科图分类: | ||
| 主题词: | 法的理论 , 法学 | |
| 电子资源: | ||
| ISBN: | 7-81059-131-2 | |
| 000 | 00638nam0 2200217 45 | |
| 001 | 0010041125 | |
| 005 | 20000930203957.6 | |
| 010 | @a7-81059-131-2@d12.00元 | |
| 100 | @a20001004d1998 km y0chiy0120 ea | |
| 101 | 0 | @achi |
| 105 | @a z 000yy | |
| 200 | 1 | @a中国法制史自学考试题解@AZhong Guo Fa Zhi Shi Zi Xue Kao Shi Ti Jie@f曾庆一,刘武主编@FCeng Qing Yi,Liu Wu Zhu Bian |
| 210 | @a北京@c中国人民大学出版社@d1998.03 | |
| 215 | @a301页@d32开 | |
| 606 | 0 | @a法的理论 |
| 606 | 0 | @a法学 |
| 690 | @aD909.2@v3 | |
| 701 | 0 | @a曾庆一@4主编 |
| 701 | 0 | @a刘武@4主编 |
| 801 | @aCN@bPftUser@c20001004 | |
| 905 | @dD909.2@eZ922@b165291-293@f3 | |
| 中国法制史自学考试题解/曾庆一,刘武主编.-北京:中国人民大学出版社,1998.03 |
| 301页;32开 |
| ISBN 7-81059-131-2:12.00元 |
| ● |
| 相关链接 |
|
|
|
正题名:中国法制史自学考试题解
索取号:D909.2/Z922
 
预约/预借
| 序号 | 登录号 | 条形码 | 馆藏地/架位号 | 状态 | 备注 |
| 1 | 165291 | 201652915 | 社科库509/509社科库 80排6列6层/ [索取号:D909.2/Z922] | 在馆 | |
| 2 | 165292 | 201652924 | 社科库509/509社科库 80排6列6层/ [索取号:D909.2/Z922] | 在馆 | |
| 3 | 165293 | 201652933 | 社科库509/509社科库 80排6列6层/ [索取号:D909.2/Z922] | 在馆 |